1822 1844 1453 1843 1098 1966 1322 1943 1832 1150 1681 1649 1149 1097 1742 1270 1415 1260 1968 1164 1284 1516 1033 1809 1321 1046 1513 1004 1078 1526 1584 1384 1909 1868 1746 1942 1162 1636 1916 1061 1403 1239 1803 1580 1345 1702 1902 1929 1730 1687 1830 1507 1085 1188 1587 1238 1357 1908 1721 1040 1593 1996 1829 1305 1722 1035 1620 1544 1685 1706 1983 1262 1420 1499 1658 1207 1281 1747 1127 1668 1043 1400 1244 1368 1677 1201 1017 2000 1634 1579 1036 1544 1990 1427 1341 1966 1798 1047 1310 BCNSPRNW ULIB Ver.6.0+V

เปลี่ยนเป็นภาษาไทย

Change to English
 แสดงรายละเอียดบรรณานุกรม
  กลับหน้าหลัก

Brief Record : Get Marc (ISO 2709) : E-mail record : QR code < ปิดหน้าต่าง
LEADER : 00000nam 2200000uu 4500
001    13399128422
003     ULIB
008    230815s2565||||th 000 0 tha d
020    ^a9786164262492
060  0 ^aWG210 จ154ศ
100    ^aจรัญ สายะสถิตย์
245    ^aศัลยศาสตร์โรคหัวใจที่พบบ่อย = Common cardiac surgery/^cจรัญ สายะสถิตย์
250    ^aพิมพ์ครั้งที่ 3
260    ^aพิษณุโลก :^bมหาวิทยาลัยนเรศวร,^c2565
300    ^a151 หน้า :^bภาพประกอบ ;^c26 ซม.
505 0  ^aหลักการพื้นฐานในการผ่าตัดหัวใจ = Basic prinicple of heart surgery -- หลักการทำงานของเครื่องหัวใจและปอดเทียม = Cardiopulmonary bypass (CPB) -- โรคหัวใจพิการแต่กำเนิด = Congenital heart disease -- โรคของลิ้นหัวใจ = Acquired valvular heart diseases -- โรคกล้ามเนื้อหัวใจขาดเลือด = Ischemic heart disease -- ปัญหาที่พบบ่อยภายหลังผ่าตัดหัวใจ = Common complications of heart surgery -- ลิ้นหัวใจเทียม = Valve prosthesis -- การให้ยาละลายลิ่มเลือดหลังผ่าตัดเปลี่ยนลิ้นหัวใจ = Anticoagulant drugs after heart valve replacement
650    ^aโรคหัวใจ -- ศัลยกรรม
650  0 ^aศัลยศาสตร์
945    ^p350^l0^i010145
945    ^p350^l0^i010146
945    ^p350^l0^i010147
999    ^aประนอม เกษจรัล
รายการนี้ยังไม่มีแท็ก
คุณยังไม่ได้ล็อกอิน คุณสามารถมีกิจกรรมร่วมกับเว็บไซต์ได้ แต่ต้องล็อกอินก่อน ::
  ล็อกอิน

รายการสื่อสารสนเทศ

ลำดับที่ ประเภท เลขเรียก/บาร์โค้ด สถานที่ สถานะ
1. วิทยาศาสตร์การแพทย์ และสุขภาพ
หนังสือสำรอง
สถานะ=หนังสือสำรอง
WG210 จ154ศ ฉ.1 
  Barcode: 010145
ห้องสมุดวิทยาเขตสวรรค์ประชารักษ์
►หนังสือทั่วไป
บนชั้น
2. วิทยาศาสตร์การแพทย์ และสุขภาพ
วิทยาศาสตร์การแพทย์ และสุขภาพ
WG210 จ154ศ ฉ.2 
  Barcode: 010146
ห้องสมุดวิทยาเขตสวรรค์ประชารักษ์
►หนังสือทั่วไป
บนชั้น
3. วิทยาศาสตร์การแพทย์ และสุขภาพ
วิทยาศาสตร์การแพทย์ และสุขภาพ
WG210 จ154ศ ฉ.3 
  Barcode: 010147
ห้องสมุดวิทยาเขตสวรรค์ประชารักษ์
►หนังสือทั่วไป
บนชั้น

รายการใกล้เคียง
    ผู้แต่ง [จรัญ สายะสถิตย์]

    หัวเรื่อง [โรคหัวใจ -- ศัลยกรรม]
    หัวเรื่อง [ศัลยศาสตร์]

BibComment


ยังไม่เคยถูกคอมเมนท์

คอมเมนท์ทรัพยากรรายการนี้
  คอมเมนท์: ศัลยศาสตร์โรคหัว..


 Copyright 2026. Bcnsprnw @Library